Pokemon de A-Z Gen 6 - Statistiques

Statistiques générales
  • Ce quiz a été pris 30 fois
  • Le résultat moyen est 19 sur 22
Statistiques - réponses
Lettre Type 1 Type 2 Stage Réponse % Correct
G Feu Psy 3/3 Goupelin
96%
A Eau Ténèbres 3/3 Amphinobi
93%
E Acier Spectre 3/3 Exagide
93%
S Glace X 2/2 Séracrawl
93%
V Poison Eau 1/2 Venalgue
93%
X Fée X 1/1 Xerneas
93%
Y Ténèbres Vol 1/1 Yveltal
93%
Z Dragon Sol 1/1 Zygarde
93%
B Spectre Plante 2/2 Banshitrouye
89%
I Électrik Normal 2/2 Iguolta
89%
N Feu Normal 2/2 Némélios
89%
F Fée X 3/3 Florges
85%
K Poison Dragon 2/2 Kravarech
85%
L Insecte X 1/3 Lépidonille
85%
O Roche Eau 1/2 Opermine
85%
R Roche Dragon 2/2 Rexillius
81%
D Roche Glace 2/2 Dragmara
78%
T Acier Fée 1/1 Trousselin
78%
P Combat Ténèbres 2/2 Pandarbare
74%
C Plante X 1/2 Cabriolaine
70%
H Psy Spectre 1/1 Hoopa
70%
M Psy X 2/2 Mistigrix
70%
Aucun quiz correspondant
Distribution des résultats
% des personnes avec chaque résultat
Percentile par nombre de réponses
Votre historique - résultats
Vous n’avez pas pris ce quiz